000 00800nam a22002777a 4500
003 CHAP
005 20220329140526.0
008 971013s r 00010 d
010 _a53340
011 _a54312
035 _a58463
040 _cCHAP
090 _aFolleto 6540
100 0 0 _aWeihing, John L.
_9121356
245 _aPlant diseases
260 _a(s.l.) :
_bUniversity of Nebraska. College of Agriculture,
_c(s.a.)
300 _as.p.
590 _aBATCH-UPD
_b10
_c20130110
_lUCH01
_h0507
590 _aBATCH-UPD
_b10
_c20130410
_lUCH01
_h0144
590 _aBATCH-UPD
_b10
_c20130914
_lUCH01
_h1414
590 _aCONVERSION
_b10
_c20130109
_lUCH01
_h1329
650 1 4 _aFitopatología.
_941161
901 _aBK
942 _cFOLL
949 _aFolleto 6540
_bBC
_cFOLL
_d-126876
_eTS1
_i58463
_si
999 _c53340
_d53340